[Event "FRA-chT2 West 0607"]
[Site "France"]
[Date "2006.11.26"]
[Round "2.5"]
[White "Nowocien, Anthony"]
[Black "Menager, Erwan"]
[Result "0-1"]
[WhiteElo "2000"]
[BlackElo "2112"]
[PlyCount "86"]
[EventDate "2006.10.15"]
[EventType "team"]
[EventRounds "11"]
[EventCountry "FRA"]
[SourceTitle "EXT 2008"]
[Source "ChessBase"]
[SourceDate "2007.11.25"]
[SourceVersion "1"]
[SourceVersionDate "2007.11.25"]
[SourceQuality "1"]
[WhiteTeam "JEEN"]
[BlackTeam "Tours"]
[WhiteTeamCountry "FRA"]
[BlackTeamCountry "FRA"]

1. d4 Nf6 2. c4 c5 3. Nf3 cxd4 4. Nxd4 b6 5. Nc3 Bb7 6. f3 e6 7. e4 d6 8. Be3 a6 9. Be2 Nbd7 10. Qd2 Qc7 11. Rc1 Be7 12. 0-0 0-0 13. Rfd1 Rac8 14. Bf1 Rfe8 15. Qf2 Qb8 16. Nc2 Ba8 17. a3 Ne5 18. Bxb6 Nxc4 19. Bxc4 Rxc4 20. Nb4 a5 21. Nd3 a4 22. Nb4 Rec8 23. Be3 Qc7 24. Bb6 Qb7 25. Be3 Qc7 26. Bb6 Qd7 27. Be3 Qe8 28. Qc2 Bc6 29. Qd3 Bb7 30. Qc2 Bc6 31. Qd3 Bd7 32. Bf4 d5 33. Be3 d4 34. e5 dxe3 35. exf6 Bb5 36. fxe7 Rxc3 37. Qxc3 Rxc3 38. Rxc3 e2 39. Re1 g6 40. Rc7 Qb8 41. Nc6 Qb6+ 42. Kh1 Bxc6 43. Rc8+ Kg7 0-1